Worldview as worship : (Record no. 49625)
| 000 -LEADER | |
|---|---|
| fixed length control field | 00368nam a2200109 4500 |
| 020 ## - INTERNATIONAL STANDARD BOOK NUMBER | |
| International Standard Book Number | 9781610971089 |
| 245 ## - TITLE STATEMENT | |
| Title | Worldview as worship : |
| Remainder of title | the dynamics of a transformative Christian Education / |
| Statement of responsibility, etc | Eddie Karl Baumann. |
| 260 ## - PUBLICATION, DISTRIBUTION, ETC. (IMPRINT) | |
| Place of publication, distribution, etc | Eugene,Oregon: |
| Name of publisher, distributor, etc | WiPF & Stock; |
| Date of publication, distribution, etc | 2011. |
| 300 ## - PHYSICAL DESCRIPTION | |
| Extent | 325 p. |
| Dimensions | 26 p. |
| 650 ## - SUBJECT ADDED ENTRY--TOPICAL TERM | |
| Topical term or geographic name as entry element | Christian Education. Religion. |
| 9 (RLIN) | 86744 |
| 942 ## - ADDED ENTRY ELEMENTS (KOHA) | |
| Source of classification or shelving scheme | |
| Koha item type | Teacher's Resources |
| Withdrawn status | Lost status | Source of classification or shelving scheme | Damaged status | Not for loan | Collection code | Home library | Current library | Shelving location | Date acquired | Full call number | Barcode | Date last seen | Price effective from | Koha item type |
|---|---|---|---|---|---|---|---|---|---|---|---|---|---|---|
| TEACHERS' RESOURCES | Asian Hope Secondary Library | Asian Hope Secondary Library | SECONDARY | 10/08/2025 | 268 BAU | 208763 | 01/16/2026 | 10/08/2025 | Teacher's Resources |